000 00712nam a2200217 ar4500
001 1708
005 20221127090253.0
008 100127s xxua 00110 eng d
020 _a0071107665(pbk) :
_cSR497.00
082 0 4 _a004.21
_bB446 2007
100 1 _aBentley, Lonnie D.
245 1 0 _aSystems analysis and design for the global enterprise /
_cL. Bentley, J. Whitten ; with contributions by Gary Randolph.
250 _a7th ed.
260 _aBoston, Mass. :
_bMcGraw-Hill/Irwin,
_c2007.
300 _axv, 747 p. :
_bill. ;
_c28 cm.
500 _aIncludes index.
650 4 _aSystem analysis.
650 4 _aSystem design.
650 4 _aInformation technology.
700 0 _aWhitten, Jeffrey L.,
_ejt. auth.
999 _c1706
_d1706